00509nam a2200205Ia 4500008004100000020001800041050001400059100002000073245003800093245005400131260001500185260001600200260000900216300001500225300002000240300001000260300001800270440000700288500000800295170918s9999 xx 000 0 und d a9780142403266 bA237 2002 aAdler, David A. 4aThe first day of school mystery / cby David A. Adler ; illustrated by Susanna Natti. aNew York : bScholastic, c2002 a50 pages : billustrations ; c19cm. eCam Jansen ;  a22 a320